00647nam a2200217 a 450000100060000000300080000600500170001400800410003103500190007204000270009104100080011808200260012610000180015224500510017026000380022130000340025949000390029350400370033265000210036983000390039070368BD-RjUL20211209082006.0170417s1966 nyua b 001 0 eng d a(BD-RjUL)70582 aDLCcWSUdBD-RjULbeng aeng a541.223223bMII 19661 aMislow, Kurt 10aIntroduction to stereochemistry /cKurt Mislow aNew York :bW.A. Benjamin,c1966. axii, 193 p. :bill. ;c22 cm.1 aOrganic chemistry monograph series aIncludes bibliography and index. 0aStereochemistry. 0aOrganic chemistry monograph series